书目信息 |
| 题名: |
如何让游客的乡村之旅卫生安全
|
|
| 作者: | 林冬 , 陈乾康 主编 | |
| 分册: | ||
| 出版信息: | 北京 中国旅游出版社 2015 |
|
| 页数: | 36页 | |
| 开本: | 21cm | |
| 丛书名: | 乡村旅游点对点百问百答 | |
| 单 册: | ||
| 中图分类: | F592.1 | |
| 科图分类: | ||
| 主题词: | 乡村--旅游业发展--卫生管理--中国 | |
| 电子资源: | ||
| ISBN: | 978-7-5032-5117-7 | |
| 000 | 01033oam2 2200277 450 | |
| 001 | 340359 | |
| 005 | 20150625104644.42 | |
| 010 | @a978-7-5032-5117-7@dCNY12.00 | |
| 100 | @a20151327d2015 em y0chiy50 ea | |
| 101 | 0 | @achi |
| 102 | @aCN@b110000 | |
| 105 | @aa z 000yy | |
| 106 | @ar | |
| 200 | 1 | @a如何让游客的乡村之旅卫生安全@Aru he rang you ke de xiang cun zhi lv wei sheng an quan@d= How to constract rural tourist of health and safety@f林冬, 陈乾康主编@zeng |
| 210 | @a北京@c中国旅游出版社@d2015 | |
| 215 | @a36页@c图@d21cm | |
| 225 | 2 | @a乡村旅游点对点百问百答@v8 |
| 330 | @a本书内容包括:乡村旅游厨房为什么要设置蔬菜初加工间?乡村旅游厨房垃圾桶为什么要加盖?如何科学管理厨房储藏室等。 | |
| 410 | 0 | @12001 @a乡村旅游点对点百问百答 |
| 510 | 1 | @aHow to constract rural tourist of health and safety@zeng |
| 606 | 0 | @a乡村@x旅游业发展@x卫生管理@y中国 |
| 690 | @aF592.1@v5 | |
| 701 | 0 | @a林冬@Alin dong@4主编 |
| 701 | 0 | @a陈乾康@Achen qian kang@4主编 |
| 801 | 0 | @aCN@b卓展宏图@c20150525 |
| 905 | @dF592.1@e441@f4 | |
| 如何让游客的乡村之旅卫生安全= How to constract rural tourist of health and safety/林冬, 陈乾康主编.-北京:中国旅游出版社,2015 |
| 36页:图;21cm.-(乡村旅游点对点百问百答;8) |
| ISBN 978-7-5032-5117-7:CNY12.00 |
| 本书内容包括:乡村旅游厨房为什么要设置蔬菜初加工间?乡村旅游厨房垃圾桶为什么要加盖?如何科学管理厨房储藏室等。 |
| ● |
| 相关链接 |
|
|
|
|
正题名:如何让游客的乡村之旅卫生安全
索取号:F592.1/441
 
预约/预借
| 序号 | 登录号 | 条形码 | 馆藏地/架位号 | 状态 | 备注 |
| 1 | 865357 | 208653571 | 第一样本阅览室/ [索取号:F592.1/441] | 在馆 | |
| 2 | 865358 | 208653580 | 第一借阅区/ [索取号:F592.1/441] | 在馆 | |
| 3 | 865359 | 208653599 | 第一借阅区/ [索取号:F592.1/441] | 在馆 | |
| 4 | 865360 | 208653606 | 第一借阅区/ [索取号:F592.1/441] | 在馆 |